000 01123nam a22002894a 4500
001 ebr10159711
003 CaPaEBR
006 m u
007 cr cn|||||||||
008 010305s2001 maua sb 000 0 eng
010 _z 2001021427
020 _z1568811209
040 _aCaPaEBR
_cCaPaEBR
035 _a(OCoLC)560269963
050 1 4 _aQA95
_b.G158 2001eb
082 0 4 _a793.7/4
_221
100 1 _aGardner, Martin,
_d1914-2010.
245 1 2 _aA Gardner's workout
_h[electronic resource] :
_btraining the mind and entertaining the spirit /
_cMartin Gardner.
260 _aNatick, Mass. :
_bA.K Peters,
_c2001.
300 _axi, 319 p. :
_bill.
504 _aIncludes bibliographical references.
533 _aElectronic reproduction.
_bPalo Alto, Calif. :
_cebrary,
_d2013.
_nAvailable via World Wide Web.
_nAccess may be limited to ebrary affiliated libraries.
650 0 _aMathematical recreations.
655 7 _aElectronic books.
_2local
710 2 _aebrary, Inc.
856 4 0 _uhttp://site.ebrary.com/lib/rucke/Doc?id=10159711
_zAn electronic book accessible through the World Wide Web; click to view
999 _c133539
_d133539